000 00598cam a2200169 4500500
005 20260329020000.0
041 _afre
042 _adc
100 1 0 _aGuillard, Chantal
_eauthor
700 1 0 _aKartheuser, BenoƮt
_eauthor
700 1 0 _aLacombe, Sylvie
_eauthor
245 0 0 _aPhotocatalysis: water and air pollution control and self-cleaning materials
260 _c2026.
500 _a96
786 0 _nGreen chemistry | - | 2026-03-05 | p. 21-21
856 4 1 _uhttps://stm.cairn.info/sustainable-management-of-waste-and-pollutants--bdti42495210-j1270-page-20?lang=en&redirect-ssocas=7080
999 _c1902804
_d1902804